Censo de población de Costa Rica, 1883

Na minha lista:
Detalhes bibliográficos
Autor Corporativo: Costa Rica. Ministerio de Economía, Industria y Comercio. Dirección General de Estadística y Censos
Formato: Texto
Publicado em: San José: MEIC. DGEC. Sección de Publicaciones
Assuntos:
Tags: Adicionar Tag
Sem tags, seja o primeiro a adicionar uma tag!

MARC

LEADER 00000 a a2200000 04500
001 17457
003
040
090 |a 005300 EXTRAVIADO  
110 |a Costa Rica. Ministerio de Economía, Industria y Comercio. Dirección General de Estadística y Censos  
245 |a Censo de población de Costa Rica, 1883  
260 |a San José:   |b MEIC. DGEC. Sección de Publicaciones  
300 |a 10, 109 p.  
650 |a POBLACION  
999 |c 15855  |d 15855